000 00406nam a2200145Ia 4500
008 231129s2010||||xx |||||||||||||| ||spa||
020 _a978-958446386-9
040 _bspa
082 _a927.8 ó15v
100 _aOcampo Múnera Fernell
245 0 _aLa vida oculta de El Caballero Gaucho
260 _c2010
264 _aPereira Colombia : Papiro
942 _2ddc
_cBKS
999 _c18473
_d18473